Einwohnerreichste Länder im Jahr 1900 - Statistiken

Allgemein
  • Dieses Quiz wurde 46 mal gespielt
  • Das Durchschnittsergebnis liegt bei 17 aus 22
Antwortstatistiken
Einwohner Land oder Reich % Korrekt
415 Mio. China
100%
67,1 Mio. Deutschland
98%
137 Mio. Russland
98%
89,6 Mio. Vereinigte Staaten
98%
32,0 Mio. Italien
93%
12,1 Mio. Mexiko
93%
18,7 Mio. Spanien
93%
78,9 Mio. Französisches Reich
91%
42,0 Mio. Japan
91%
384 Mio. Britisches Weltreich
89%
17,0 Mio. Brasilien
87%
30,9 Mio. Osmanisches Reich
82%
7,0 Mio. Persien
82%
5,8 Mio. Argentinien
80%
51,4 Mio. Österreich-Ungarn
80%
12,5 Mio. Portugiesisches Reich
78%
51,3 Mio. Niederländisches Reich
71%
12,0 Mio. Korea
62%
6,1 Mio. Belgien
60%
7,2 Mio. Siam
53%
6,6 Mio. Rumänien
49%
8,1 Mio. Marokko
13%
Keine übereinstimmenden Quizze gefunden
Verteilung der Resultate
Anzahl Personen mit jedem Resultat
Perzentil nach korrekt beantworteten Fragen
Ihre Resultats-Entwicklung
Sie haben dieses Quiz noch nicht gespielt